Statistiques concernant Solfège #1 - Facile

Cliquez ici pour prendre le quiz!

Statistiques générales

  • Ce quiz a été pris 89 fois
  • Le résultat moyen est 12 sur 20

Statistiques - réponses

HintRéponse% Correct
Figure indiquant la manière de lire le positionnement des notes sur une ligneClé
84%
Groupe de plusieurs notes formant un ensemble harmoniqueUn accord
82%
Note 1/2 ton au dessus de SiDo
77%
Note d'1/4 de tempsDouble croche
77%
Note de 4 tempsUne ronde
77%
Symbole indiquant l'altération d'une note 1/2 ton en dessousBémol
73%
Symbole indiquant l'altération d'une note 1/2 ton au dessusDièse
71%
Ensemble de 3 notes successives ayant une valeur d'1/3 de temps chacuneUn triolet
71%
Silence ayant une durée d'un tempsUn soupir
63%
Nom de celle-ci lorsqu'elle indique la position du DoClé d'Ut
62%
Intervalle entre deux notes séparées par trois degrésUne tierce
60%
Silence ayant une durée de 4 tempsUne pause
59%
Portion d'une partition respectant un nombre défini de tempsMesure
56%
Décomposition successive des notes de cet ensembleUn arpège
53%
Une ligneUne portée
53%
Nombre de tons entre Do et Fa2.5
49%
Lorsque la durée d'une note et multipliée part 1.5 la note est ...Pointée
49%
Lorsque la note doit être jouée brièvement elle est ...Piquée
45%
Symbole indiquant qu'il faut recommencer jusqu'au symbole précédent ou au débutUn reprise
42%
Zone sur la partition où sont indiqués les altérations de la tonalitéL'armure
36%

Distribution des résultats

Percentile par nombre de réponses

% des personnes avec chaque résultat

Votre développement - résultats

Vous n’avez pas pris ce quiz